Vista normal
Vista MARC
Entrada Materia (personas)
Número de registros utilizados en: 2
001 - CONTROL NUMBER
- control field: 83875
003 - CONTROL NUMBER IDENTIFIER
- control field: Co-BoUCM
005 - DATE AND TIME OF LATEST TRANSACTION
- control field: 20170203132809.0
008 - FIXED-LENGTH DATA ELEMENTS
- fixed length control field: 170203|| aca||aabn | a|a d
040 ## - CATALOGING SOURCE
- Original cataloging agency: Co-BoUCM
- Transcribing agency: Co-BoUCM
100 ## - HEADING--PERSONAL NAME
- Personal name: Vivas Benítez, Alejandro
670 ## - SOURCE DATA FOUND
- Source citation: Work cat.: (Co-BoUCM)44150: Alvarado Acevedo, Alberto 83872, Pobreza , 2004